|
|
|
|
| LEADER |
02172njm a2200457 a 4500 |
| 001 |
001361244 |
| 003 |
CZ BrMZK |
| 005 |
20140211081420.0 |
| 007 |
sd fsngnnmmned |
| 008 |
140122p20131992xr mcnng f n cze d |
| 015 |
|
|
|a cnb002534763
|
| 024 |
3 |
|
|a 5099940948423
|
| 028 |
0 |
1 |
|a 409484-2
|b Parlophone
|
| 040 |
|
|
|a BOA001
|b cze
|
| 045 |
|
|
|a x9y1
|
| 047 |
|
|
|a mc
|a pp
|
| 072 |
|
7 |
|a 784
|x Vokální hudba
|2 Konspekt
|9 9
|
| 080 |
|
|
|a 782.8
|2 MRF
|
| 080 |
|
|
|a 784.4
|2 MRF
|
| 080 |
|
|
|a (086.76)
|2 MRF
|
| 100 |
1 |
|
|a Bílá, Lucie,
|d 1966-
|7 jn19990209056
|4 sng
|
| 245 |
1 |
0 |
|a Aida a jiné klenoty
|h [zvukový záznam]
|
| 260 |
|
|
|a Praha :
|b Parlophone,
|c p2013
|
| 300 |
|
|
|a 1 zvuková deska :
|b digital ;
|c 12 cm
|
| 500 |
|
|
|a Hudba Elton John a další ; české texty Adam Novák a další ; sleevenote Josef Vlček
|
| 500 |
|
|
|a Původní fonogramy p1992-p2013 Parlophone a další
|
| 500 |
|
|
|a Kompaktní deska
|
| 505 |
0 |
0 |
|t Aida.
|t Věčný příběh ;
|t Módní mág ;
|t Já pravdu znám ;
|t Právo žít --
|t Carmen.
|t Symbol žen ;
|t Každý jsme sám ;
|t Kéž sílu mám --
|t Dracula.
|t Jsi můj pán --
|t Johanka z Arku.
|t Most přes minulost --
|t Bídníci.
|t Píseň samotářky --
|t Elixír života.
|t Nebyli jsme jablko --
|t Němcová!
|t Za láskou jít --
|t Krysař.
|t Temný stín --
|t Excalibur.
|t Jménem lásky --
|t Popelka.
|t Maminko, vrať se --
|t Romeo a Julie.
|t Noc plná snů --
|t Zahrada rajských potěšení.
|g Zahrada rajských potěšení (radiomix) --
|t Láska je láska.
|g Láska je láska
|
| 511 |
0 |
|
|a Zpívá Lucie Bílá spolu s dalšími za doprovodu různých instrumentalistů
|
| 648 |
|
4 |
|a 1992-2013
|
| 648 |
|
7 |
|a 1991-2020
|7 ch771949
|2 czenas
|
| 650 |
0 |
7 |
|a muzikály
|7 ph123058
|2 czenas
|
| 650 |
0 |
7 |
|a populární písně
|7 ph124354
|y 1991-2020
|2 czenas
|
| 655 |
|
7 |
|a kompaktní desky
|7 fd201991
|2 czenas
|
| 700 |
1 |
|
|a John, Elton,
|d 1947-
|7 jn20000700824
|4 cmp
|
| 700 |
1 |
|
|a Novák, Adam,
|d 1949-
|7 jo2002106725
|4 lyr
|
| 700 |
1 |
|
|a Vlček, Josef,
|d 1951-
|7 jo20010082615
|4 wam
|
| 910 |
|
|
|a BOA001
|b CDR-1320.050
|
| 990 |
|
|
|a AV
|
| 991 |
|
|
|b 201402
|
| 996 |
6 |
|
|b 2610577806
|c CDR-1320.050
|l MZK
|r Sklad / do 24 hodin
|n 0
|p p.v.
|w 001396195
|u 000010
|a 1
|e BOA001
|j MZK50
|s P
|